Teoretická elektrotechnika : Prechodné javy v elektrických sieťach /

Enregistré dans:
Détails bibliographiques
Auteur principal: Kneppo, Ľudovít (Auteur)
Format: Livre
Langue:slovaque
Publié: Bratislava : STU v Bratislave, 1983
Édition:4.vyd.
Tags: Ajouter un tag
Pas de tags, Soyez le premier à ajouter un tag!

MARC

LEADER 00000nam a22000003a 4500
001 stu6403
005 20150617225808.5
008 940802s1983----cs------------------slo-d
040 |a STU  |b slo 
041 0 |a slo 
044 |a cs 
100 1 |a Kneppo, Ľudovít  |4 aut 
245 1 |a Teoretická elektrotechnika :  |b Prechodné javy v elektrických sieťach /  |c [aut.] Kneppo,Ňudovít 
250 |a 4.vyd. 
260 |a Bratislava :  |b STU v Bratislave,  |c 1983 
300 |a 327 s 
996 |b 284ES08886  |c E*S-18068  |l EE01  |s A  |a 24  |w stu6403_0001 
996 |b 284ES04547  |c E*S-18069  |l EE01  |s A  |a 24  |w stu6403_0002 
996 |b 284ES27250  |c E*S-18070  |l EE01  |s A  |a 24  |w stu6403_0003 
996 |b 284ES04500  |c E*S-18071  |l EE01  |s A  |a 24  |w stu6403_0004 
996 |b 284ES07773  |c E*S-18073  |l EE01  |s A  |a 24  |w stu6403_0006 
996 |b 284ES08294  |c E*S-18074  |l EE01  |s A  |a 24  |w stu6403_0007 
996 |b 284ES04480  |c E*S-23429  |l EE01  |s A  |a 24  |w stu6403_0011 
996 |b 284ES20233  |c E*S-23431  |l EE01  |s A  |a 24  |w stu6403_0013 
996 |b 284ES08399  |c E*S-23442  |l EE01  |s A  |a 24  |w stu6403_0017 
996 |b 284ES06560  |c E*S-23443  |l EE01  |s A  |a 24  |w stu6403_0018 
996 |b 284ES04505  |c E*S-23444  |l EE01  |s A  |a 24  |w stu6403_0019 
996 |b 284ES04479  |c E*S-23446  |l EE01  |s A  |a 24  |w stu6403_0021 
996 |b 284ES06725  |c E*S-23453  |l EE01  |s A  |a 24  |w stu6403_0023 
996 |b 284ES04504  |c E*S-23425  |l EE01  |s A  |a 24  |w stu6403_0024 
996 |b 284ES04502  |c E*S-23426  |l EE01  |s A  |a 24  |w stu6403_0025 
996 |b 284ES04518  |c E*S-23428  |l EE01  |s A  |a 24  |w stu6403_0026 
996 |b 284ES04508  |c E*S-23448  |l EE01  |s A  |a 24  |w stu6403_0029 
996 |b 284ES04517  |c E*S-23452  |l EE01  |s A  |a 24  |w stu6403_0030 
996 |b 284EK08990  |c E*51473  |l EE0105  |s P  |a 0  |w stu6403_0031 
996 |b 284ES04473  |c E*S-23434  |l EE01  |s A  |a 24  |w stu6403_0032 
996 |b 284ES04507  |c E*S-23440  |l EE01  |s A  |a 24  |w stu6403_0033 
996 |b 284ES04475  |c E*S-23449  |l EE01  |s A  |a 24  |w stu6403_0034